Normal view
MARC view
- Xanthaki, Alexandra
Entry Personal Name
001 - CONTROL NUMBER
- control field: 94368
003 - CONTROL NUMBER IDENTIFIER
- control field: NUST
005 - DATE AND TIME OF LATEST TRANSACTION
- control field: 20220721124113.0
008 - FIXED-LENGTH DATA ELEMENTS
- fixed length control field: 220721|| aca||aabn | a|a d
040 ## - CATALOGING SOURCE
- Original cataloging agency: NUST
- Transcribing agency: NUST
100 ## - HEADING--PERSONAL NAME
- Personal name: Xanthaki, Alexandra
670 ## - SOURCE DATA FOUND
- Source citation: Work cat.: (NUST)0: Xanthaki, Alexandra., Indigenous rights and United Nations standards :, 2007.
